| 000 | 00767nam a22002537a 4500 | ||
|---|---|---|---|
| 001 | 3717 | ||
| 003 | FISKH | ||
| 005 | 20240424095330.0 | ||
| 008 | 240424b cb ||||| |||| 00| 0 eng d | ||
| 040 |
_aFISK _beng _cFISK _dFISK |
||
| 050 | _aPZ7.N647 | ||
| 082 | _a823.92 | ||
| 100 |
_aNix Garth _d1963- |
||
| 245 |
_aThe violet keystone / _cGarth Nix |
||
| 260 |
_aNew York : _bScholastic, _c2008 |
||
| 300 |
_a233 pages : _c20 cm |
||
| 490 |
_aThe seventh tower _vBook 6 |
||
| 505 | _aO | ||
| 520 | _aTal and Milla are only one step from death and evil is only one step from triumph. An old war is revived and the key to everything is the Seventh Tower. | ||
| 521 | 8 |
_a840 _bLexile |
|
| 700 | _aGarth Nix | ||
| 942 |
_2lcc _cBK _n0 |
||
| 999 |
_c3717 _d3717 |
||